logo

Bir Sreshtho Munshi Abdur Rouf Library
Jhenaidah Cadet College

The World of Philately / (Record no. 8055)

MARC details
000 -LEADER
fixed length control field 00558nam a2200217 a 4500
001 - CONTROL NUMBER
JCCL Control Number 8055
003 - CONTROL NUMBER IDENTIFIER
JCCL marc code BD-JhCC
005 - DATE AND TIME OF LATEST TRANSACTION
control field 20180218082555.0
008 - FIXED-LENGTH DATA ELEMENTS--GENERAL INFORMATION
fixed length control field 180218s1993 bg a|||| ||a| 000 0 eng d
035 ## - SYSTEM CONTROL NUMBER
system control number (BD-JhCC)8055
040 ## - CATALOGING SOURCE
Original cataloging agency BD-JhCC
Modifying agency BD-JhCC
041 ## - LANGUAGE CODE
Language code of Book eng
082 ## - DEWEY DECIMAL CLASSIFICATION NUMBER
Classification number 383.22
Author mark and Year BAN 1993
245 ## - TITLE STATEMENT
Title The World of Philately /
Statement of responsibility, etc Giasuddin Ahmed
260 ## - PUBLICATION, DISTRIBUTION, ETC. (IMPRINT)
Place of publication, distribution, etc Dhaka :
Name of publisher, distributor, etc Bnagladesh Post Office,
Date of publication, distribution, etc 1993
300 ## - PHYSICAL DESCRIPTION
Pagination 165 p. :
Dimensions 20 cm.
650 ## - SUBJECT ADDED ENTRY--TOPICAL TERM
Topical term or geographic name as entry element Postal Service
General subdivision Philately
700 ## - ADDED ENTRY--PERSONAL NAME
Personal name Ahmed, Giasuddin
942 ## - ADDED ENTRY ELEMENTS (KOHA)
Source of classification or shelving scheme Dewey Decimal Classification
Koha item type Books
Holdings
Source of classification or shelving scheme Damaged status Not for loan Home library Current library Shelving location Date of accession Cost, normal purchase price Total Checkouts Full call number Barcode Date last seen Copy number Koha item type
Dewey Decimal Classification     JCC Rouf Library JCC Rouf Library General Stacks 02/18/2018 35.00   383.22 BAN 1993 10289 02/18/2018 C - 1 Books

JCC Library | Contacts | JCC Home

Last Update on 23 September 2017
Copyright @ 2017-2020 JCC Rouf Library
Rouf Library, Jhenidah Cadet College (JCC), Bangladesh